[Event "Let's Play Chess!"]
[Site "http://www.queenalice.com/game.php?id=1222846"]
[Date "2013.10.7"]
[Round "-"]
[White "jeancarlo1910"]
[Black "Taurus"]
[Result "0-1"]
[WhiteElo "1981"]
[BlackElo "2105"]

1. e4 e5 2. Nf3 Nc6 3. Bc4 h6 4. O-O Nf6 5. Nc3 Bc5 6. h3 d6 7. d3 O-O 8. a3 Be6
9. Be3 Bxe3 10. fxe3 Bxc4 11. dxc4 a6 12. Qd3 Qe7 13. Nd5 Nxd5 14. exd5 e4 15.
Qc3 exf3 16. Rxf3 Ne5 17. Rf2 Rae8 18. Re1 f5 0-1

[Event "Let's Play Chess!"]
[Site "http://www.queenalice.com/game.php?id=1231415"]
[Date "2013.11.10"]
[Round "-"]
[White "Fermats"]
[Black "jeancarlo1910"]
[Result "1-0"]
[WhiteElo "2586"]
[BlackElo "2016"]

1. e4 c5 2. Nc3 e5 3. Bc4 Nf6 4. Nf3 d6 5. Ng5 Be6 6. Nxe6 fxe6 7. Bxe6 Qe7 8.
Bc4 Nc6 9. O-O a6 10. d3 O-O-O 11. Bg5 Kb8 12. b4 h6 13. Nd5 Qd7 14. Bxf6 gxf6
15. b5 axb5 16. Bxb5 Qe6 17. Bxc6 bxc6 18. Qb1+ Kc8 19. Qb6 cxd5 20. Qc6+ Kb8
21. Rab1+ 1-0

[Event "Let's Play Chess!"]
[Site "http://www.queenalice.com/game.php?id=1231448"]
[Date "2013.11.10"]
[Round "-"]
[White "Fermats"]
[Black "jeancarlo1910"]
[Result "1-0"]
[WhiteElo "2587"]
[BlackElo "2041"]

1. d4 Nf6 2. Nc3 d5 3. Bg5 Nc6 4. e3 Be6 5. Bb5 h6 6. Bh4 Qd7 7. Na4 Ne4 8. f3
Nd6 9. Nc5 Qc8 10. Bxc6+ bxc6 11. Ne2 Nb7 12. Nxe6 Qxe6 13. Qd3 Nd6 14. O-O Nf5
15. Bf2 g6 16. e4 dxe4 17. fxe4 Nd6 18. e5 Nf5 19. Nf4 Qd7 20. e6 fxe6 21. Rae1
O-O-O 22. Qa6+ Kb8 23. d5 c5 24. Bxc5 c6 25. dxc6 Qd4+ 26. Bxd4 Nxd4 27. Qb7#
1-0

[Event "Let's Play Chess!"]
[Site "http://www.queenalice.com/game.php?id=1231449"]
[Date "2013.11.10"]
[Round "-"]
[White "jeancarlo1910"]
[Black "Fermats"]
[Result "0-1"]
[WhiteElo "2034"]
[BlackElo "2588"]

1. c4 e5 2. Nc3 Nc6 3. Nf3 Nf6 4. e4 Bb4 5. Bd3 d6 6. a3 Bc5 7. h3 O-O 8. b4 Bb6
9. Nd5 Nxd5 10. cxd5 Nd4 11. Bb2 Nxf3+ 12. Qxf3 Qg5 13. O-O-O f5 14. h4 Qg4 15.
Qxg4 fxg4 16. f3 gxf3 17. gxf3 Rxf3 18. Bc2 Bd7 19. Rdf1 Rg3 20. h5 Bh3 21. Rd1
Bg4 22. Rdf1 Bf3 23. Rh2 Bg1 24. Rxg1 Rxg1+ 25. Bd1 Rxd1+ 26. Kc2 Rh1 27. Rxh1
Bxe4+ 28. d3 Bxh1 0-1

[Event "Let's Play Chess!"]
[Site "http://www.queenalice.com/game.php?id=1235469"]
[Date "2013.11.27"]
[Round "-"]
[White "jeancarlo1910"]
[Black "greggy"]
[Result "0-1"]
[WhiteElo "1678"]
[BlackElo "1890"]

1. d4 Nf6 2. Nc3 d5 3. e3 e6 4. Bd3 Nc6 5. Nf3 Bb4 6. Bd2 O-O 7. Ne5 Nxe5 8.
dxe5 Nd7 9. f4 Nc5 10. O-O Nxd3 11. cxd3 b6 0-1

[Event "Let's Play Chess!"]
[Site "http://www.queenalice.com/game.php?id=1235517"]
[Date "2013.11.27"]
[Round "-"]
[White "dnptrs"]
[Black "jeancarlo1910"]
[Result "1-0"]
[WhiteElo "2113"]
[BlackElo "1646"]

1. d4 c5 2. e3 cxd4 3. exd4 Nf6 4. Nf3 e6 5. Be2 d5 6. O-O Be7 7. c4 O-O 8. Nc3
a6 9. a3 Nc6 10. b4 Kh8 11. c5 h6 12. Rb1 Nh7 13. Bd3 f5 14. a4 Bg5 15. b5 Na5
16. Qe2 Bxc1 17. Rfxc1 axb5 18. axb5 Rb8 19. Rb2 g5 20. Qd2 Nc4 21. Bxc4 dxc4
22. Ne5 Kg7 23. Na4 Qf6 24. Nb6 g4 25. Nxc8 Rbxc8 26. Nd7 Qg5 27. Nxf8 Rxf8 28.
Qxg5+ Nxg5 29. Rxc4 Ne4 30. f3 gxf3 31. gxf3 Ng5 32. c6 bxc6 33. bxc6 Nxf3+ 34.
Kf2 Nxh2 35. c7 1-0

[Event "Let's Play Chess!"]
[Site "http://www.queenalice.com/game.php?id=1235518"]
[Date "2013.11.27"]
[Round "-"]
[White "jeancarlo1910"]
[Black "dnptrs"]
[Result "0-1"]
[WhiteElo "2033"]
[BlackElo "2077"]

1. c4 Nf6 2. d4 e6 3. a3 c5 4. d5 exd5 5. cxd5 d6 6. Nf3 Be7 7. e3 Nbd7 8. Bb5
O-O 9. Bxd7 Qxd7 10. h3 b5 11. O-O a5 12. Nc3 Bb7 13. Bd2 b4 14. axb4 axb4 15.
Ne2 Rxa1 16. Qxa1 Bxd5 17. Nh2 Re8 18. Nf4 Bc6 19. g4 Ne4 20. Qc1 Qd8 21. Bxb4
Qd7 22. Bc3 Bh4 23. Nh5 Ng5 24. Nf4 h5 25. f3 hxg4 26. hxg4 Bg3 27. e4 Bxf4 28.
Qc2 Qe7 29. Bd2 Bxh2+ 30. Kxh2 Nxf3+ 31. Kg3 Bxe4 32. Qc3 Qh4+ 33. Kf4 Qh6+ 34.
g5 Qxg5# 0-1

[Event "Let's Play Chess!"]
[Site "http://www.queenalice.com/game.php?id=1236031"]
[Date "2013.11.29"]
[Round "-"]
[White "igorjava"]
[Black "jeancarlo1910"]
[Result "1-0"]
[WhiteElo "1842"]
[BlackElo "1718"]

1. e4 c5 2. Nf3 d6 3. d4 cxd4 4. Nxd4 e5 5. Nb3 Be6 6. Be2 Nc6 7. O-O Be7 8. Be3
Nf6 9. Nc3 O-O 10. f4 exf4 11. Bxf4 a6 12. a4 Ne5 13. Qd4 Nc6 14. Qd2 1-0

[Event "Let's Play Chess!"]
[Site "http://www.queenalice.com/game.php?id=1236037"]
[Date "2013.11.29"]
[Round "-"]
[White "igorjava"]
[Black "jeancarlo1910"]
[Result "1-0"]
[WhiteElo "1853"]
[BlackElo "1707"]

1. e4 e5 2. f4 exf4 3. Nf3 Nc6 4. d4 d5 5. e5 Be6 6. Bxf4 a6 7. a3 g6 8. Be2 Bg7
9. O-O f5 10. c4 dxc4 11. a4 Nge7 12. Nc3 1-0

[Event "Let's Play Chess!"]
[Site "http://www.queenalice.com/game.php?id=1236039"]
[Date "2013.11.29"]
[Round "-"]
[White "dnptrs"]
[Black "jeancarlo1910"]
[Result "1-0"]
[WhiteElo "2114"]
[BlackElo "1644"]

1. d4 c5 2. e3 cxd4 3. exd4 d5 4. Nf3 Nc6 5. Be2 Bg4 6. O-O Nf6 7. Be3 e6 8. Re1
Bd6 9. Nbd2 h6 10. c4 Ne4 11. c5 Bc7 12. Nxe4 dxe4 13. Ne5 Bxe2 14. Qxe2 Nxe5
15. dxe5 Bxe5 16. Rad1 Qc7 17. Bd4 Bxh2+ 18. Kh1 Be5 19. Qb5+ Kf8 20. Rxe4 Bxd4
21. Rexd4 Qe5 22. Qxb7 g6 23. Qxa8+ Kg7 24. Qxa7 Qe2 25. Rd7 1-0

[Event "Let's Play Chess!"]
[Site "http://www.queenalice.com/game.php?id=1236040"]
[Date "2013.11.29"]
[Round "-"]
[White "jeancarlo1910"]
[Black "dnptrs"]
[Result "0-1"]
[WhiteElo "1642"]
[BlackElo "2115"]

1. d4 Nf6 2. Nc3 e6 3. a3 c5 4. e3 d5 5. f4 Nc6 6. Nf3 Ne4 7. Bd2 Nxd2 8. Qxd2
Be7 9. Bb5 O-O 10. Bxc6 bxc6 11. Ne5 Qd6 12. O-O c4 13. e4 Bb7 14. Qe3 f6 15.
Nf3 Rfe8 16. e5 Qc7 17. exf6 Bxf6 18. Ne5 Bxe5 19. fxe5 Ba6 20. Rf4 c5 21. Raf1
cxd4 22. Qxd4 Rab8 23. Rf7 Re7 0-1

[Event "bonow-2"]
[Site "http://www.queenalice.com/game.php?id=1236740"]
[Date "2013.12.1"]
[Round "1"]
[White "byyonico"]
[Black "jeancarlo1910"]
[Result "1-0"]
[WhiteElo "1659"]
[BlackElo "2051"]

1. c4 e5 2. a3 Nf6 3. d3 Bc5 4. e3 O-O 5. Nc3 Nc6 6. Nf3 d6 7. Be2 Bg4 8. Nd2
Bxe2 9. Qxe2 d5 10. cxd5 Nxd5 11. O-O f5 12. Nb3 Nxc3 13. Qc2 Na4 14. Nxc5 Nxc5
15. Qxc5 Qxd3 16. b4 e4 17. Bb2 Rad8 18. h3 Qd7 19. Bc3 b6 20. Qc4+ Kh8 21. Rad1
Qe8 22. Rxd8 Nxd8 23. Qd4 Ne6 24. Qe5 Qf7 25. Rd1 Ng5 26. Qg3 h6 27. h4 Ne6 28.
Rd5 1-0

[Event "bonow-2"]
[Site "http://www.queenalice.com/game.php?id=1236750"]
[Date "2013.12.1"]
[Round "2"]
[White "jeancarlo1910"]
[Black "Strogonoff"]
[Result "1-0"]
[WhiteElo "2019"]
[BlackElo "1890"]

1. e4 e5 2. Nf3 Nc6 3. Nc3 Nf6 4. d4 exd4 5. Nxd4 Nxd4 6. Qxd4 d6 7. Bg5 Be7 8.
Bd3 O-O 9. f4 h6 10. Bxf6 Bxf6 11. Qe3 Bxc3+ 12. bxc3 b6 13. O-O 1-0